00415 2200181 4500001002100000005001500021035002000036008004100056245002800097100001300125250000600138260002900144300001200173084001400185082000800199650001400207990001200221INLIS00000000000006420240502103605 a0010-0424000040240502 0 ind 1 aGeografi XI /cSuparmin aSuparmin a1 aSolo :bMediatama,c2014 a261 hlm a900 SUP g a900 4aNon Fiksi a0737317